000 00806nam a22001935i 4500
001 166822
003 ES-MaACL
005 20230906213417.0
008 990305s1884 sp |||| | spa d
040 _aCCPB | B
_bspa
_cCCPB | B
100 1 _aUtor, Luis María.
_9133471
245 1 0 _aImportancia agrícola é industrial de la planta testil denominada el ramié /
_cpor Luis María Utor.
260 _aMadrid :
_b[s.n.],
_c1884 (
_fTipografía de Manuel G. Hernández)
300 _a78 p. :
_bil. ;
_c24 cm.
650 4 _aRamio.
_9136803
650 0 4 _aPlantas textiles.
_9136709
852 _aES-MaACL
_jT-352-F-7
_z-- Enc. hol.
_z-- Enc. en un vol. facticio
_z.- Dedicatoria autógrafa del autor a Enrique Serrano Fatigati
852 _aES-MaACL
_jT-378-F-6
_z-- Enc. hol.
_z-- Enc. en un vol. facticio
999 _c166822
_d166822